000 00464nam a2200169 i 4500
001 102549
003 ES-MaACL
005 20230906183131.0
007 t|
008 051117s1969 sp ||||1| spa d
100 1 _aMerino, Joaquín.
_980518
245 1 0 _aLondres para turistas pobres /
_cJoaquín Merino.
250 _a2ª ed.
260 _aBarcelona :
_bMarte,
_c1969.
300 _a298 p., 16 lám., 3 h. ;
_c22 cm.
852 _aES-MaACL
_jC-36081
_bR.69000
999 _c102549
_d102549